[Event "13th EICC"]
[Site "Plovdiv BUL"]
[Date "2012.03.30"]
[Round "10.165"]
[White "Lederman,L"]
[Black "Porfireanu,S"]
[Result "0-1"]
[WhiteElo "2296"]
[BlackElo "1892"]

1.e4 g6 2.d4 d6 3.Nc3 Bg7 4.f4 Nf6 5.Nf3 O-O 6.Bd3 Nc6 7.O-O Bg4 8.Be3 e5
9.dxe5 dxe5 10.h3 exf4 11.Bxf4 Nh5 12.Bh2 Bxf3 13.Qxf3 Ne5 14.Qe2 c6 15.g4 Qd4+
16.Kg2 Nf6 17.Rad1 Nxd3 18.Rxd3 Qc4 19.e5 Nd5 20.Nxd5 cxd5 21.b3 Qc6 22.Rfd1 Rad8
23.Kg1 Rfe8 24.c4 Qb6+ 25.Qf2 d4 26.Rxd4 Rxd4 27.Qxd4 Rd8  0-1

[Event "European Senior Teams 2012"]
[Site "Rogaska Slatina SLO"]
[Date "2012.03.30"]
[Round "4.15"]
[White "Borwell,A"]
[Black "Fernengel,R"]
[Result "1-0"]
[WhiteElo "2085"]
[BlackElo "1833"]

1.e4 d6 2.d4 g6 3.Nc3 Bg7 4.Be3 Nf6 5.f3 Nbd7 6.Qd2 c6 7.Bh6 O-O 8.h4 Qa5
9.Bxg7 Kxg7 10.g4 h5 11.g5 Ng8 12.Bd3 e5 13.Nge2 exd4 14.Nxd4 Ne5 15.O-O-O Nxd3+
16.Qxd3 Qe5 17.Nce2 Re8 18.Rd2 Ne7 19.f4 Qa5 20.f5 gxf5 21.Nf4 fxe4 22.Nxh5+ Kf8
23.Qxe4 Ng6 24.Qf3 Qxa2 25.Nb3 Be6 26.Rf1 Ke7 27.Qf6+ Kd7 28.Qd4 Bd5 29.Nf6+ Kc7
30.Nxd5+ cxd5 31.Rxf7+ Re7 32.Qxd5 Rd8 33.h5 Kc8 34.Rxe7 Nxe7 35.Qe6+ Rd7
36.Rxd6 Qa4 37.Kb1 b6 38.Nd4 Kc7 39.b3 Rxd6 40.Qxe7+ Qd7 41.Nb5+ Kc6 42.Qxd6+  1-0

[Event "European Senior Teams 2012"]
[Site "Rogaska Slatina SLO"]
[Date "2012.03.30"]
[Round "4.21"]
[White "Djurkovic,M"]
[Black "Theting,H"]
[Result "1-0"]
[WhiteElo "2130"]
[BlackElo "1980"]

1.d4 g6 2.e4 Bg7 3.Nc3 d6 4.g3 Nc6 5.Be3 e5 6.dxe5 Nxe5 7.h3 Nf6 8.f4 Nc6
9.Bg2 O-O 10.Nge2 Re8 11.Qd2 Na5 12.Bf2 Nc4 13.Qd3 Be6 14.b3 Na5 15.Rd1 Nc6
16.O-O Bd7 17.Rfe1 Nb4 18.Qd2 Nc6 19.g4 h6 20.Ng3 Nh7 21.Nd5 Ne7 22.Nxe7+ Rxe7
23.e5 Bc6 24.Bxc6 bxc6 25.exd6 Rd7 26.dxc7 Rxd2 27.cxd8=Q+ Raxd8 28.Re8+ Rxe8
29.Rxd2 Nf6 30.Rd6 Nd5 31.Rxc6 Nxf4 32.Bxa7 Nxh3+ 33.Kg2 Nf4+ 34.Kf3 Ne6
35.a4 Ng5+ 36.Kf2 Nh3+ 37.Kg2 Ng5 38.a5 Ne6 39.a6 h5 40.gxh5 f5 41.hxg6 f4
42.Nf5 Ng5 43.Nxg7 Re2+ 44.Kf1 Rd2 45.Nf5  1-0

[Event "ch-Urals Men 2012"]
[Site "Satka RUS"]
[Date "2012.03.30"]
[Round "7"]
[White "Chuprov,D"]
[Black "Matveev,V3"]
[Result "1-0"]
[WhiteElo "2464"]
[BlackElo "2323"]

1.e4 d6 2.d4 g6 3.Nc3 Bg7 4.Be3 c6 5.Qd2 b5 6.Bd3 Nd7 7.f4 Ngf6 8.Nf3 O-O
9.e5 b4 10.Ne4 Nd5 11.h4 c5 12.h5 Nxe3 13.Qxe3 cxd4 14.Qf2 dxe5 15.hxg6 hxg6
16.Qh4 Re8 17.Qh7+ Kf8 18.fxe5 Nf6 19.exf6 exf6 20.O-O Qd5 21.Nfd2 Bb7 22.Qh2 f5
23.Qd6+ Kg8 24.Bc4 Qe5 25.Qxg6 Re6 26.Bxe6 fxe6 27.Ng5  1-0

[Event "TCh-NED Meesterklasse 2011-12"]
[Site "Netherlands NED"]
[Date "2012.03.31"]
[Round "8.6"]
[White "Jens,J"]
[Black "Ootes,La"]
[Result "0-1"]
[WhiteElo "2382"]
[BlackElo "2340"]

1.e4 d6 2.d4 g6 3.Nc3 Bg7 4.f4 Nf6 5.Nf3 c5 6.Bb5+ Bd7 7.Bxd7+ Nfxd7 8.d5 b5
9.Nxb5 Qa5+ 10.Nc3 Bxc3+ 11.bxc3 Qxc3+ 12.Bd2 Qc4 13.Qe2 Nb6 14.a4 a5 15.Qxc4 Nxc4
16.Ke2 f5 17.Kd3 Nb6 18.Rhc1 c4+ 19.Kd4 fxe4 20.Ng5 O-O 21.Rcb1 N8d7 22.Ne6 Rf5
23.Rb5 c3 24.Bxc3 Rc8 25.Bxa5 Rc4+ 26.Ke3 Rxd5 27.Rxd5 Nxd5+ 28.Kd2 Kf7 29.Ng5+ Kg7
30.Bd8 Nc5 31.a5 Nb4 32.Rc1 h6 33.Nh3 Kf7 34.Nf2 Nb3+ 35.cxb3 e3+ 36.Kxe3 Rxc1
37.Kd2 Rc2+ 38.Ke3 Rb2 39.Ng4 Rxb3+ 40.Ke4 d5+  0-1

[Event "13th EICC"]
[Site "Plovdiv BUL"]
[Date "2012.03.31"]
[Round "11.125"]
[White "Schneider,Ve"]
[Black "Can,E"]
[Result "0-1"]
[WhiteElo "2312"]
[BlackElo "2476"]

1.e4 g6 2.d4 Bg7 3.Nc3 d6 4.Be3 a6 5.f4 b5 6.Bd3 Bb7 7.Nf3 Nd7 8.e5 Nh6 9.Qe2 c5
10.Be4 Bxe4 11.Nxe4 cxd4 12.Bxd4 Nf5 13.O-O-O Nxd4 14.Rxd4 O-O 15.Kb1 Nb6
16.h4 Qc7 17.h5 dxe5 18.fxe5 Rad8 19.Rxd8 Rxd8 20.hxg6 hxg6 21.Neg5 Nc4 22.Nxf7 Kxf7
23.Ng5+ Ke8 24.Ne6 Qxe5 25.Qxe5 Bxe5 26.Nxd8 Kxd8 27.b3 Nd6 28.Rh4 g5 29.Rg4 Bf6
30.a4 Kd7 31.axb5 axb5 32.c3 Nf5 33.Kc1 Ne3 34.Rg3 Nd5 35.c4 bxc4 36.bxc4 Nb6
37.Kc2 Nxc4 38.Kd3 Nd6 39.Rg4 e5 40.Ra4 Ke6 41.Ke3 Bd8 42.Ra6 Kd5 43.Ra8 Bb6+
44.Ke2 Nf5 45.Rb8 Bc5 46.Rg8 Nd4+ 47.Ke3 Ne6+ 48.Ke2 Ke4 49.Kf1 Kf4 50.Rc8 e4
51.Ra8 e3 52.Rc8 Ba7 53.Ra8 Bd4 54.Ra3 Ke4 55.Ke2 Bc5  0-1

[Event "13th EICC"]
[Site "Plovdiv BUL"]
[Date "2012.03.31"]
[Round "11.61"]
[White "Pashikian,A"]
[Black "Pap,G"]
[Result "1-0"]
[WhiteElo "2618"]
[BlackElo "2538"]

1.d4 g6 2.e4 Bg7 3.Nc3 d6 4.Nf3 Nf6 5.h3 c6 6.Bd3 Nbd7 7.e5 dxe5 8.dxe5 Nd5
9.Nxd5 cxd5 10.Bf4 Qb6 11.Rb1 O-O 12.O-O Nc5 13.Be3 Qc7 14.Re1 Nxd3 15.cxd3 d4
16.Bxd4 Be6 17.a3 Rfd8 18.Bc3 Bd5 19.Nd2 Qc6 20.Qg4 a5 21.Ne4 b6 22.Qh4 Qb7
23.a4 Rac8 24.f3 Rc7 25.Bd2 Bxe4 26.Qxe4 Qxe4 27.Rxe4 f5  1-0

[Event "ch-Urals Men 2012"]
[Site "Satka RUS"]
[Date "2012.03.31"]
[Round "8"]
[White "Matsenko,A"]
[Black "Kotlyar,K"]
[Result "1/2-1/2"]
[WhiteElo "2142"]
[BlackElo "2246"]

1.e4 g6 2.d4 Bg7 3.Nc3 d6 4.f4 a6 5.Nf3 b5 6.e5 Bb7 7.Bd3 e6 8.O-O Ne7 9.a3 O-O
10.Qe2 c5 11.dxc5 dxc5 12.Be3 Nd7 13.Rad1 Nd5 14.Nxd5 exd5 15.c3 Qe7 16.Qf2 Rac8
17.Rde1 Rfe8 18.f5 Bxe5 19.Bf4 Bxf4 20.Rxe7 Rxe7 21.Kh1 Rce8 22.Qh4 Be3 23.f6 Re6
24.Bf5 Nxf6 25.Bxe6 Rxe6 26.Ng5 Bxg5 27.Qxg5 Kg7 28.Qf4 Bc6 29.Qf2 d4 30.cxd4 c4
31.Qf4 Bd5 32.h4 h5 33.Qg5 Bb7 34.Qf4 Bd5 35.Kg1 Bc6 36.g4 hxg4 37.h5 Bf3
38.h6+ Kg8 39.Qg5 Kh7 40.d5 Nxd5 41.Rxf3 gxf3 42.Qxd5 Kxh6 43.Qxf3 Kg7 44.Qd5 g5
45.Kf2 Rg6 46.Kg3  1/2-1/2

[Event "14th WGM Rector Cup"]
[Site "Kharkiv UKR"]
[Date "2012.04.01"]
[Round "7"]
[White "Karlovich,A"]
[Black "Andrenko,I"]
[Result "1-0"]
[WhiteElo "2213"]
[BlackElo "2227"]

1.e4 g6 2.d4 Bg7 3.Nc3 d6 4.Bg5 a6 5.Qd2 b5 6.a4 b4 7.Nd5 a5 8.f4 c6 9.Ne3 Nf6
10.Bd3 d5 11.Bxf6 exf6 12.exd5 cxd5 13.Bb5+ Bd7 14.Qd3 O-O 15.Nf3 Qe7 16.O-O Qd6
17.Qb3 Rd8 18.Rfe1 Bc6 19.c3 Na6 20.c4 dxc4 21.Nxc4 Qd5 22.Nxa5 Qxb3 23.Nxb3 Bxf3
24.gxf3 f5 25.Rad1 Bh6 26.Re7 Bxf4 27.Bc4 Rf8 28.d5 Bg5 29.Rb7 Nc5 30.Nxc5 Be3+
31.Kf1 Bxc5 32.d6 Rxa4 33.Rd5 Ra1+ 34.Ke2 Re8+ 35.Kd2 Be3+ 36.Kc2 Bg5 37.Rd3 Rd8
38.Bxf7+ Kf8 39.Be6 Rc1+ 40.Kb3 Ke8 41.Rxh7 Kf8 42.Rf7+ Kg8 43.Rxf5+  1-0

[Event "European Senior Teams 2012"]
[Site "Rogaska Slatina SLO"]
[Date "2012.04.01"]
[Round "6.21"]
[White "Hellwege,W"]
[Black "Theting,H"]
[Result "1/2-1/2"]
[WhiteElo "2029"]
[BlackElo "1980"]

1.d4 g6 2.Nc3 Bg7 3.e4 d6 4.Nf3 Nd7 5.Be2 e5 6.dxe5 Nxe5 7.O-O Nxf3+ 8.Bxf3 Ne7
9.Bg5 h6 10.Be3 O-O 11.Qd2 Kh7 12.Bd4 f6 13.Be2 Nc6 14.Be3 f5 15.exf5 Bxf5
16.Nd5 Qd7 17.h3 Ne5 18.f4 Nc6 19.c4 Rae8 20.Rad1 Ne7 21.Bf3 Nc8 22.Bd4 c6
23.Bxg7 Qxg7 24.Nc3 Re7 25.Rde1 Rfe8 26.Rxe7 Rxe7  1/2-1/2

[Event "European Senior Teams 2012"]
[Site "Rogaska Slatina SLO"]
[Date "2012.04.01"]
[Round "6.9"]
[White "Haubt,G"]
[Black "White,A"]
[Result "1-0"]
[WhiteElo "2215"]
[BlackElo "2097"]

1.e4 d6 2.d4 g6 3.Nc3 Bg7 4.Be3 c6 5.Qd2 b5 6.g3 Nd7 7.Bg2 Rb8 8.h3 e5 9.dxe5 Nxe5
10.Nge2 Nc4 11.Qc1 Qa5 12.Bd4 Nf6 13.O-O b4 14.Nd1 c5 15.Be3 Nxe3 16.Nxe3 O-O
17.Rd1 Qa6 18.Nf4 Re8 19.f3 Bb7 20.a3 Qc6 21.Nc4 Rbd8 22.Qd2 d5 23.Na5 Qb6
24.Nxb7 Qxb7 25.exd5 Nxd5 26.Nxd5 Rxd5 27.Qxd5 Qxd5 28.Rxd5 Bxb2 29.Ra2  1-0

[Event "European Senior Teams 2012"]
[Site "Rogaska Slatina SLO"]
[Date "2012.04.01"]
[Round "6.17"]
[White "Sollid,S"]
[Black "Montsma,F"]
[Result "1/2-1/2"]
[WhiteElo "2018"]
[BlackElo "1949"]

1.e4 g6 2.d4 Bg7 3.Nc3 d6 4.Bf4 Nd7 5.Nf3 a6 6.Bc4 e6 7.O-O Ne7 8.Qd2 h6
9.Rad1 b5 10.Bb3 Bb7 11.Rfe1 g5 12.Bg3 Ng6 13.h3 O-O 14.Qd3 Qe7 15.Nb1 e5
16.c4 b4 17.Qc2 Rad8 18.a4 a5 19.d5 h5 20.Qe2 Nc5 21.Nbd2 Bc8 22.Bc2 Bh6
23.b3 h4 24.Bh2 g4 25.hxg4 Bxg4 26.Nf1 Kh7 27.Ne3 Bxe3 28.Qxe3 Rg8 29.Ng5+ Kh8
30.Nh3 Rg7 31.Rd2 Rdg8 32.f4 Bxh3 33.Qxh3 exf4 34.Qf3 Qg5 35.Rf1 Nd7 36.Bxf4 Nxf4
37.Qxf4 Ne5 38.Qxg5 Rxg5 39.Kh1 Rg3 40.Rf5 R8g7 41.Rh5+ Rh7 42.Rxh7+ Kxh7
43.Rf2 Kg6  1/2-1/2

[Event "ch-Urals Men 2012"]
[Site "Satka RUS"]
[Date "2012.04.01"]
[Round "9"]
[White "Looshnikov,N"]
[Black "Matveev,V3"]
[Result "1-0"]
[WhiteElo "2487"]
[BlackElo "2323"]

1.e4 d6 2.d4 g6 3.Nc3 Bg7 4.f4 Nf6 5.Nf3 c5 6.Bb5+ Bd7 7.e5 Ng4 8.Bxd7+ Qxd7
9.h3 cxd4 10.Qxd4 Nh6 11.g4 Nc6 12.Qe3 dxe5 13.fxe5 O-O 14.Bd2 f5 15.g5 f4
16.Qe4 Nf5 17.O-O-O Ng3 18.Qc4+ Kh8 19.Bxf4 Qf5 20.Bxg3 Qxf3 21.Ne4 Rad8
22.Rxd8 Rxd8 23.Re1 h5 24.Qb3 Nd4 25.Qxf3 Nxf3 26.Rd1 Rxd1+ 27.Kxd1 Bxe5
28.Bxe5+ Nxe5 29.Ke2 Kg8 30.b3 Kf7 31.Ke3 Nc6 32.Nc5 b6 33.Nd3 a5 34.a4 Ke6
35.Ke4 Kd6 36.Nf4 Ne5 37.h4 e6 38.c3 Nd7 39.Nxg6 Nc5+ 40.Kf4 Nxb3 41.Ne5 Nc5
42.g6  1-0

[Event "14th WGM Rector Cup"]
[Site "Kharkiv UKR"]
[Date "2012.04.02"]
[Round "8"]
[White "Severina,M"]
[Black "Tantsiura,M"]
[Result "0-1"]
[WhiteElo "2221"]
[BlackElo "2209"]

1.d4 g6 2.e4 d6 3.Nc3 Bg7 4.f4 a6 5.Nf3 b5 6.Bd3 Nd7 7.Ne2 c5 8.c3 Bb7 9.O-O Ngf6
10.e5 Nd5 11.Ng5 Qb6 12.e6 fxe6 13.Nxe6 Bf6 14.f5 cxd4 15.N2xd4 Ne5 16.Kh1 Rg8
17.fxg6 Nxd3 18.gxh7 Rxg2 19.Qh5+ Kd7 20.Qf5 Nc7 21.Nc5+ Ke8 22.Qd7+ Kf7
23.Rxf6+ Kxf6 24.Nxb7 Qxb7 25.Nc6 Rg4 26.Be3 Ne5 27.Qxe7+ Kg6 28.Qxd6+ Kxh7
29.Qe7+ Rg7  0-1

[Event "Semana Santa LAB Open"]
[Site "Bogota COL"]
[Date "2012.04.04"]
[Round "2"]
[White "Tirado,J"]
[Black "Montenegro Torres,C"]
[Result "0-1"]
[WhiteElo "1977"]
[BlackElo "2161"]

1.e4 g6 2.d4 Bg7 3.Nc3 d6 4.Be3 c6 5.Qd2 b5 6.Bd3 a6 7.Nf3 Nd7 8.O-O Qc7
9.Rfe1 e5 10.a4 b4 11.Ne2 c5 12.dxc5 dxc5 13.Bc4 Ngf6 14.Bh6 O-O 15.Bxg7 Kxg7
16.Ng3 Nb6 17.Bf1 Bg4 18.Qg5 Nbd7 19.Rad1 h6 20.Qe3 a5 21.b3 Nb6 22.c4 Rad8
23.h3 Bxf3 24.gxf3 Rd4 25.Ne2 Nh5 26.Nxd4 exd4 27.Qd2 Qe5 28.Bg2 Nf4 29.Kh1 Nd7
30.Rg1 Qf6 31.Kh2 Ne5 32.Bh1 Re8  0-1

[Event "Semana Santa LAB Open"]
[Site "Bogota COL"]
[Date "2012.04.05"]
[Round "3"]
[White "Corredor Rengifo,Luis Fernando"]
[Black "Vargas,Edwin"]
[Result "0-1"]
[WhiteElo "1914"]
[BlackElo "2114"]

1.e4 d6 2.d4 g6 3.Nc3 Bg7 4.f4 c6 5.Nf3 Nf6 6.Bd3 Bg4 7.h3 Bxf3 8.Qxf3 e5
9.dxe5 dxe5 10.fxe5 Nfd7 11.e6 fxe6 12.Qg4 Qe7 13.Bg5 Bf6 14.Bxf6 Nxf6 15.Qg3 Nbd7
16.O-O-O O-O-O 17.e5 Nh5 18.Qe3 Qc5 19.Qxc5 Nxc5 20.Rhf1 Rhf8 21.Bc4 Rxd1+
22.Kxd1 Rxf1+ 23.Bxf1 Nf4 24.g3 Nd5 25.Nxd5 exd5 26.h4 Kd7 27.Bh3+ Ke7 28.Ke2 Nd7
29.Bxd7 Kxd7 30.Kd3 c5 31.c4 Ke6 32.cxd5+ Kxd5 33.e6 Kxe6 34.Kc4 Kd6  0-1

[Event "16th Neckar Open"]
[Site "Deizisau GER"]
[Date "2012.04.05"]
[Round "1.10"]
[White "Doering,A"]
[Black "Shanava,K"]
[Result "0-1"]
[WhiteElo "2115"]
[BlackElo "2586"]

1.e4 g6 2.d4 Bg7 3.Nc3 d6 4.f4 Nc6 5.Nf3 Bg4 6.Be3 Bxf3 7.gxf3 d5 8.Bb5 e6
9.Qd2 Nf6 10.O-O-O a6 11.Bd3 Ne7 12.Rhg1 Qd7 13.Ne2 h5 14.h4 Nfg8 15.Kb1 Nh6
16.c4 c6 17.Qc2 Rd8 18.cxd5 cxd5 19.e5 Nhf5 20.Bf2 Bh6 21.Qb3 O-O 22.Rc1 Rc8
23.Qb6 Rfd8 24.a3 Bf8 25.Rgd1 Ng7 26.Be1 Nef5 27.Rxc8 Rxc8 28.Rc1 Be7 29.Bb4 Bxb4
30.axb4 Nxh4 31.b5 axb5 32.Bxb5 Rxc1+ 33.Nxc1 Qe7 34.Be2 Ng2 35.Nd3 Nf5 36.b4 h4
37.Qc5 h3 38.Bf1 Qh4 39.Qc8+ Kg7 40.Qxb7 Nfe3  0-1

[Event "35th San Sebastian Open"]
[Site "Donostia ESP"]
[Date "2012.04.05"]
[Round "7"]
[White "Lopez Martinez,Josep"]
[Black "Pastor Pons,P"]
[Result "1-0"]
[WhiteElo "2508"]
[BlackElo "2143"]

1.e4 g6 2.d4 Bg7 3.Nc3 d6 4.Be3 c6 5.Qd2 b5 6.Bd3 Nd7 7.Nf3 a6 8.a4 b4 9.Ne2 a5
10.Ng3 h6 11.O-O Ngf6 12.e5 Nd5 13.e6 Nf8 14.exf7+ Kxf7 15.c4 bxc3 16.bxc3 Ba6
17.Rab1 Qc8 18.c4 Nb4 19.Be2 Qe6 20.Rbc1 Nd7 21.h4 Nf6 22.h5 gxh5 23.Nh4 Rag8
24.Nxh5 Ne4 25.Qd1 Bf6 26.Nf4 Qd7 27.Bh5+ Kg7 28.Bg4 Qa7 29.d5 c5 30.Ne6+  1-0

[Event "39th La Roda Open"]
[Site "La Roda ESP"]
[Date "2012.04.05"]
[Round "2"]
[White "Arance Gonzalez,L"]
[Black "Garza Marco,S"]
[Result "0-1"]
[WhiteElo "2120"]
[BlackElo "2404"]

1.e4 g6 2.d4 Bg7 3.Nc3 d6 4.f4 Nf6 5.Nf3 O-O 6.Be2 c5 7.d5 e6 8.O-O exd5
9.e5 Ne4 10.Nxd5 Be6 11.c4 dxe5 12.fxe5 Nc6 13.Qc2 f5 14.exf6 Nxf6 15.Bg5 Nb4
16.Nxb4 cxb4 17.Rad1 Qb6+ 18.c5 Qa5 19.Rd6 Bxa2 20.Ne5 Ne4 21.Bc4+ Kh8 22.Qxe4 Qxc5+
23.Be3 Qxd6 24.Bxa2 Qxe5 25.Qxe5 Rxf1+ 26.Kxf1 Bxe5 27.Bd5 Bxb2 28.Bxb7 Re8
29.Bc5 Bc3  0-1

[Event "6th Philadelphia Open"]
[Site "Philadelphia USA"]
[Date "2012.04.05"]
[Round "3.7"]
[White "Gelashvili,T"]
[Black "Burnett,R"]
[Result "1-0"]
[WhiteElo "2619"]
[BlackElo "2352"]

1.e4 g6 2.d4 d6 3.Nc3 Bg7 4.Be3 c6 5.f4 b5 6.a3 Nd7 7.Nf3 a6 8.e5 Nh6 9.h3 f6
10.Bd3 O-O 11.e6 Nb6 12.d5 f5 13.Bd4 c5 14.Bxg7 Kxg7 15.Be2 Ng8 16.Ng5 Nf6
17.Bf3 Bb7 18.g4 b4 19.axb4 cxb4 20.Na4 Nbxd5 21.Qd4 Qc7 22.Rh2 Rac8 23.Bxd5 Bxd5
24.b3 h6 25.gxf5 gxf5 26.h4 hxg5 27.hxg5 Be4 28.c4 d5 29.Ke2 Rg8 30.gxf6+ Kf8
31.f7  1-0

[Event "16th Neckar Open"]
[Site "Deizisau GER"]
[Date "2012.04.06"]
[Round "3.6"]
[White "Baklan,V"]
[Black "Grimberg,B"]
[Result "1/2-1/2"]
[WhiteElo "2612"]
[BlackElo "2357"]

1.e4 g6 2.d4 Bg7 3.Nc3 d6 4.f4 a6 5.Nf3 Nd7 6.e5 Nh6 7.Ne4 b5 8.a4 b4 9.Bd3 Bb7
10.O-O O-O 11.Qe1 a5 12.e6 f5 13.exd7 fxe4 14.Bxe4 Bxe4 15.Qxe4 Qxd7 16.c3 bxc3
17.bxc3 Nf5 18.Ng5 d5 19.Qe6+ Qxe6 20.Nxe6 Rfc8 21.Ba3 Rab8 22.Rfe1 Rb3 23.g4 Nd6
24.Nxg7 Kxg7 25.Rxe7+ Kg8 26.Bxd6 cxd6 27.Ra7 Re8 28.Ra2 Re4 29.Rc2 Rxf4
30.h3 Rf3 31.Kg2 Rfxc3 32.Rxc3 Rxc3 33.Rxa5 Rc4 34.Rxd5 Rxa4 35.Rxd6 Kf7
36.d5 Rd4 37.Rd7+ Kf6 38.Kf3 Ke5 39.Rxh7 Rd3+ 40.Kg2 Rxd5 41.Rf7 Ke4 42.Kg3 Ke5
43.Rf3 Ke6 44.h4 Rd1 45.g5 Ke5 46.Kg4 Rd4+ 47.Kh3 Rd1 48.Rf6 Rd3+ 49.Kg2 Rd2+
50.Kf3 Rd3+ 51.Kf2 Rd2+ 52.Kg3 Rd3+ 53.Rf3 Rd1 54.Kh3 Rc1 55.Kg4 Rc4+ 56.Kg3 Rc1
57.Re3+ Kf5 58.Rf3+ Ke5 59.Ra3  1/2-1/2

[Event "Pobeskydi Open 2012"]
[Site "Frydek Mistek CZE"]
[Date "2012.04.06"]
[Round "4"]
[White "Leks,M"]
[Black "Daniel,Ji"]
[Result "1-0"]
[WhiteElo "2103"]
[BlackElo "1975"]

1.e4 d6 2.d4 g6 3.Nc3 Bg7 4.f4 c5 5.d5 Nf6 6.Nf3 O-O 7.Bd3 e6 8.O-O exd5
9.Nxd5 Nxd5 10.exd5 a6 11.c4 Bd7 12.a4 b6 13.Qc2 Bg4 14.Bd2 a5 15.f5 Bxf3
16.Rxf3 Nd7 17.Raf1 Ne5 18.Rg3 Ra7 19.Bc3 Re8 20.Qf2 Qh4 21.Bxe5 Rxe5 22.f6  1-0

[Event "39th La Roda Open"]
[Site "La Roda ESP"]
[Date "2012.04.06"]
[Round "5"]
[White "Korneev,O"]
[Black "Bermejo Martinez,J"]
[Result "1-0"]
[WhiteElo "2597"]
[BlackElo "2267"]

1.e4 g6 2.d4 Bg7 3.Nc3 d6 4.f4 Nf6 5.Nf3 c5 6.dxc5 Qa5 7.Qd4 O-O 8.Bd2 Nc6
9.Qc4 Be6 10.Qb5 Qxb5 11.Bxb5 dxc5 12.Be3 Nh5 13.Bxc6 bxc6 14.Na4 Rab8 15.c3 Bh6
16.g3 Nf6 17.Nd2 Bh3 18.Bxc5 Rfe8 19.e5 Nd7 20.O-O-O Nb6 21.Nxb6 axb6 22.Bf2 Bg4
23.Rde1 Ra8 24.a3 c5 25.h3 Be6 26.Be3 Red8 27.g4 Bg7 28.Rhf1 Bd5 29.Rd1 Bg2
30.Rg1 Bd5 31.Bf2 h6 32.Rge1 Kf8 33.f5 Bg2 34.Re3 Ra7 35.Nc4 Rb8 36.Nxb6 Ke8
37.Nc4 Ra4 38.f6 Bh8 39.Nd2 exf6 40.exf6+ Kf8 41.Rg3 Bd5 42.Rd3 Be6 43.Ne4  1-0

[Event "39th La Roda Open"]
[Site "La Roda ESP"]
[Date "2012.04.06"]
[Round "5"]
[White "Sanchez Jerez,E"]
[Black "Movsziszian,K"]
[Result "0-1"]
[WhiteElo "2234"]
[BlackElo "2483"]

1.e4 g6 2.d4 Bg7 3.Nc3 d6 4.Be3 a6 5.Qd2 Nd7 6.h4 h5 7.f3 b5 8.O-O-O Bb7
9.Nh3 e6 10.Ng5 Ne7 11.g4 hxg4 12.fxg4 Nf6 13.Bd3 Nxg4 14.Rde1 Nxe3 15.Qxe3 Bh6
16.Kb1 Qd7 17.Qe2 Bxg5 18.hxg5 Rxh1 19.Rxh1 O-O-O 20.a4 b4 21.Na2 Qxa4 22.b3 Qa5
23.Qd2 Nc6 24.Rf1 Nxd4 25.Rxf7 c5 26.Qf4 Bc6 27.Rf8 e5 28.Qf6 Rxf8 29.Qxf8+ Qd8
30.Bxa6+ Kc7 31.Qg7+ Kb6 32.Bd3 Qxg5 33.Qf8 Kc7 34.Ba6 Bxe4 35.Qc8+ Kb6 36.Kb2 Qg2  0-1

[Event "23rd Lenk Open"]
[Site "Lenk SUI"]
[Date "2012.04.06"]
[Round "2.5"]
[White "Curien,N"]
[Black "Thuerig,C"]
[Result "1-0"]
[WhiteElo "2209"]
[BlackElo "2046"]

1.d4 g6 2.e4 Bg7 3.Nc3 d6 4.Be3 c6 5.h3 b5 6.Nf3 Bb7 7.Be2 Nd7 8.O-O a6 9.a3 Ngf6
10.e5 dxe5 11.dxe5 Nd5 12.e6 fxe6 13.Ng5 Nf8 14.Bg4 Nxc3 15.Qf3 Bf6 16.bxc3 Qd5
17.Rad1 Qxf3 18.Bxf3 h6 19.Ne4 Nd7 20.Bg4 Nf8 21.Nc5 Rb8 22.Bf4 e5 23.Bg3 h5
24.Bf3 Kf7 25.Rfe1 Ne6 26.Nd7 Rbd8 27.Nxe5+ Bxe5 28.Bxe5 Rhe8 29.h4 Ba8 30.g4 hxg4
31.Bxg4 Ng7 32.Rxd8 Rxd8 33.Bxg7 Kxg7 34.Rxe7+ Kf6 35.Ra7 Ke5 36.Bf3 Kd6
37.Rg7 Kc5 38.Rxg6 Rh8 39.h5 Kc4 40.Rg3 Bb7 41.Be2+ Kc5 42.Rg5+ Kb6 43.c4 c5
44.Kh2 Bc8 45.Kg3 b4 46.axb4 cxb4 47.c5+ Ka7 48.Rg7+ Kb8 49.Kh4 a5 50.Bc4 Bf5
51.Bb3 Be4 52.Kg5 Bc6 53.h6 a4 54.Rg8+ Rxg8+ 55.Bxg8 Be4 56.h7 Bxh7 57.Bxh7 Kc7
58.Be4 b3 59.cxb3 a3 60.Bb1  1-0

[Event "23rd Lenk Open"]
[Site "Lenk SUI"]
[Date "2012.04.06"]
[Round "3.10"]
[White "Thuerig,C"]
[Black "Schweizer,Samuel"]
[Result "1-0"]
[WhiteElo "2046"]
[BlackElo "1845"]

1.e4 g6 2.d4 Bg7 3.Nc3 d6 4.Be3 a6 5.f3 Nd7 6.Qd2 b5 7.O-O-O e6 8.Kb1 Bb7
9.g4 Rc8 10.h4 h6 11.d5 e5 12.Nge2 Nb6 13.Ng3 Ne7 14.Bd3 c5 15.dxc6 Nxc6
16.Nd5 Nxd5 17.exd5 Na5 18.Be2 Nc4 19.Bxc4 Rxc4 20.Ne4 f5 21.gxf5 gxf5 22.Qg2 Kf8
23.Rhg1 Rg8 24.Bxh6 fxe4 25.Bxg7+ Ke8 26.Qg6+ Kd7 27.Qe6+ Kc7 28.Bf6  1-0

[Event "6th Philadelphia Open"]
[Site "Philadelphia USA"]
[Date "2012.04.06"]
[Round "5.10"]
[White "Friedel,J"]
[Black "Burnett,R"]
[Result "1/2-1/2"]
[WhiteElo "2520"]
[BlackElo "2352"]

1.e4 g6 2.d4 d6 3.Nc3 Bg7 4.Nf3 Nf6 5.Be2 O-O 6.O-O Nc6 7.d5 Ne5 8.Nxe5 dxe5
9.Be3 e6 10.Qd3 exd5 11.Nxd5 Be6 12.Rfd1 c6 13.Nxf6+ Bxf6 14.Qa3 Qc7 15.Bc5 Rfe8
16.Bd6 Qc8 17.c4 Bg7 18.c5 f5 19.f3 b5 20.Qa5 fxe4 21.fxe4 Bg4 22.Re1 Bh6
23.Bd1 Bxd1 24.Raxd1 Bg5 25.Rd3 Qe6 26.b3 Bd8 27.Qd2 a5 28.Rf1 Bf6 29.Rdf3 Bg7
30.Qf2 Ra7 31.Qh4 a4 32.Rh3 h6 33.Rhf3 axb3 34.axb3 Rea8 35.h3 Kh7 36.Kh2 Rd7
37.Qf2 Kg8 38.Qg3 Kh7 39.Qf2 Kg8 40.Qg3 Kh7 41.h4 Ra2 42.Qh3 Qxh3+ 43.Kxh3 Kg8
44.Rg3 Rf7 45.Rxf7 Kxf7 46.Rf3+ Ke6 47.Rg3 Kf7 48.Rf3+  1/2-1/2

[Event "Semana Santa LAB Open"]
[Site "Bogota COL"]
[Date "2012.04.08"]
[Round "8"]
[White "Vargas,M"]
[Black "Montenegro Torres,C"]
[Result "0-1"]
[WhiteElo "1986"]
[BlackElo "2161"]

1.e4 g6 2.d4 Bg7 3.Nc3 d6 4.f4 c6 5.Nf3 Nf6 6.Be3 O-O 7.Qd2 b5 8.a3 Bb7 9.e5 Ng4
10.Bg1 a5 11.h3 Nh6 12.Bd3 f5 13.Ng5 Qc8 14.Be3 Nf7 15.h4 h5 16.Qf2 Nxg5
17.hxg5 Qe6 18.Ne2 Nd7 19.Ng1 c5 20.c3 cxd4 21.cxd4 dxe5 22.dxe5 Bxe5 23.fxe5 Nxe5
24.Be2 f4 25.Nh3 fxe3 26.Qg3 Qd6 27.Qxe3 Bxg2 28.Rd1 Qe6  0-1

[Event "O2C Doeberl Cup Premier 2012"]
[Site "Canberra AUS"]
[Date "2012.04.08"]
[Round "7.5"]
[White "Rodriguez,Am"]
[Black "Czebe,A"]
[Result "1-0"]
[WhiteElo "2440"]
[BlackElo "2477"]

1.e4 g6 2.d4 Bg7 3.Nc3 d6 4.f4 Nc6 5.Nf3 Bg4 6.Bb5 Bxf3 7.gxf3 a6 8.Bxc6+ bxc6
9.Be3 Rb8 10.b3 c5 11.Qd2 cxd4 12.Bxd4 Nf6 13.Nd5 e5 14.fxe5 Nxd5 15.exd5 dxe5
16.Be3 Qh4+ 17.Qf2 Qb4+ 18.Qd2 e4 19.Qxb4 Rxb4 20.Rd1 Bc3+ 21.Kf2 f5 22.Bc5 Rb8
23.fxe4 fxe4 24.Ke3 Be5 25.Bd4 Bxd4+ 26.Rxd4 O-O 27.c4 Rbe8 28.Rxe4 c6 29.dxc6 Rc8
30.Re1 Rxc6 31.Rd4 Re6+ 32.Kd2 Rf2+ 33.Kc3  1-0

[Event "16th Neckar Open"]
[Site "Deizisau GER"]
[Date "2012.04.08"]
[Round "7.1"]
[White "Perunovic,Mil"]
[Black "Shanava,K"]
[Result "1/2-1/2"]
[WhiteElo "2582"]
[BlackElo "2586"]

1.e4 g6 2.d4 Bg7 3.Nc3 d6 4.Bg5 c6 5.Qd2 Nd7 6.f4 b5 7.Nf3 Nb6 8.Bd3 Bg4
9.O-O-O Rb8 10.e5 d5 11.Rhf1 b4 12.Ne2 Nc4 13.Bxc4 dxc4 14.d5 c3 15.Qd4 Qa5
16.Qc4 c5 17.Kb1 cxb2 18.Ng3 Nh6 19.Ne4 Nf5 20.d6 Ne3 21.Qxc5 Qxc5 22.Nxc5 exd6
23.Rfe1 dxc5 24.Rxe3 O-O 25.Be7 Rfc8 26.h3 Bxf3  1/2-1/2

[Event "Cebanenco Mem IM 2012"]
[Site "Kishinev MDA"]
[Date "2012.04.08"]
[Round "8"]
[White "Kalinina,O"]
[Black "Kalinina,M"]
[Result "1/2-1/2"]
[WhiteElo "2280"]
[BlackElo "2042"]

1.e4 g6 2.d4 Bg7 3.Nc3 d6 4.Nf3 Nf6 5.h3 O-O 6.Be2 c6 7.a4 a5 8.Be3 Qc7 9.O-O e5
10.Qd2 Nbd7 11.dxe5 dxe5 12.Bh6 Nb6 13.Bxg7 Kxg7 14.Qg5 Re8 15.Rad1 h6 16.Qe3 Nh5
17.Nd2 Nf4 18.Nc4 Nxc4 19.Bxc4 Be6 20.Bxe6 Nxe6 21.Rd2 Rad8 22.Rfd1 Rxd2
23.Rxd2 Rd8 24.Ne2 b5 25.Rxd8 Qxd8 26.axb5 cxb5 27.Nc3 Qd4 28.Kf1  1/2-1/2

[Event "Paskturneringen Open"]
[Site "Norrkoping SWE"]
[Date "2012.04.08"]
[Round "7"]
[White "Agrest,I"]
[Black "Karlsson,L"]
[Result "0-1"]
[WhiteElo "2180"]
[BlackElo "2473"]

1.e4 g6 2.d4 Bg7 3.Nc3 d6 4.Nf3 a6 5.Bf4 Bg4 6.Qd2 Bxf3 7.gxf3 Nc6 8.d5 Nd4
9.Bg2 e5 10.dxe6 Nxe6 11.Be3 Qh4 12.O-O-O Nf6 13.Kb1 O-O 14.h3 Nh5 15.Ne2 Be5
16.Rdg1 Rfe8 17.c3 Rad8 18.Bf1 d5 19.Rg4 Qe7 20.f4 dxe4 21.Qc2 Bg7 22.h4 f5
23.Rgg1 b5 24.Ng3 Nhxf4 25.h5 Qd6 26.Nxf5 gxf5 27.h6 Qd1+ 28.Bc1 Qxc2+ 29.Kxc2 Rd7
30.a4 c6 31.Rg3 Kh8 32.hxg7+ Rxg7 33.Rh4 Rxg3 34.fxg3 Ng6 35.Rh5 f4 36.gxf4 Nexf4
37.Bxf4 Nxf4 38.Rf5 Nd5 39.Kd2 Kg7 40.axb5 Kg6 41.Bh3 axb5 42.Ke2 h5 43.Rf1 Re7
44.Rf5 e3 45.Rf8 Kg5 46.Rf5+ Kh4 47.Rf3 Re4 48.Bf5 Nf4+ 49.Ke1 Ra4 50.Bb1 Kg4
51.Rxe3 Ra1  0-1

[Event "Karposh Open 2012"]
[Site "Skopje MKD"]
[Date "2012.04.08"]
[Round "2.22"]
[White "Drenchev,P"]
[Black "Dobrotka,M"]
[Result "1-0"]
[WhiteElo "2499"]
[BlackElo "2259"]

1.d4 d6 2.e4 g6 3.Nc3 Bg7 4.h3 c6 5.a4 Nf6 6.Nf3 O-O 7.Be2 Qa5 8.O-O Nbd7
9.Be3 Re8 10.Nd2 Qc7 11.f4 e6 12.Nb3 a5 13.Bf2 Nb8 14.e5 Nd5 15.Ne4 dxe5
16.fxe5 Nd7 17.c4 Nb4 18.Bh4 Rf8 19.Be7 Re8 20.Bd6 Qd8 21.Nbc5 f5 22.exf6 Nxf6
23.Be5 Rf8 24.Ra3 Nxe4 25.Rxf8+ Qxf8 26.Nxe4 Qe7 27.Rf3 Bd7 28.Nf6+ Kh8 29.Qe1 Rf8
30.Qh4 h6 31.Nxd7 Qxh4 32.Rxf8+ Kh7 33.Rf7 Qe1+ 34.Kh2 h5 35.Rxg7+  1-0